| 000 | 00351 a2200157 4500 | ||
|---|---|---|---|
| 001 | 147886 | ||
| 040 | _cEscola São Tomás de Aquino | ||
| 100 | _aJOSÉ, Elias | ||
| 240 | 1 | 0 |
_aO incrível bicho-homem _lpor |
| 245 | 1 | 0 | _aO incrível bicho-homem |
| 300 | _a54 | ||
| 362 | 0 | _a1998 | |
| 440 | 1 | _aFTD | |
| 697 | _a*LITERATURA INFANTO | ||
| 942 | _cBK | ||
| 999 |
_c147886 _d147886 |
||